| 000 | 00470nam a2200169 i 4500 | ||
|---|---|---|---|
| 001 | 76565 | ||
| 003 | ES-MaACL | ||
| 005 | 20230906172900.0 | ||
| 007 | t| | ||
| 008 | 041004s1915 sp ||||1| spa d | ||
| 100 | 1 |
_aGuilmain, Andrés, _dca. 1892-1960 _960829 |
|
| 245 | 1 | 3 |
_aEl reino interior _b: poemas / _cAndrés Guilmain. |
| 260 |
_aMadrid : _bTirso de Frutos, _c1915. |
||
| 300 |
_a160 p. ; _c19 cm. |
||
| 852 |
_aES-MaACL _jD-1022 |
||
| 999 |
_c76565 _d76565 |
||